| Registos Bibliográficos associados ao registo de autoridade |
|
Etiqueta de registo: 00254nam 2200025 450 001 2286449 003 http://id.bnportugal.gov.pt/bib/catbnp/2286449 100 ## $a20260518d2025 k y0pory01030103ba 101 0# $apor$deng 102 ## $aPT 105 ## $ay m 001yy 106 ## $ar 200 1# $a A proteção cultural no direito e do direiro enquanto autônomas narrativas que se
complementam(?)$elições de uma nem sempre reconhecível - e reconhecedora - regra de reconhecimento$fBruno Zanatta Abrahão$gorient. José Manuel Aroso Linhares 210 #9 $aCoimbra$c[s.n.],$d2025 215 ## $a372 p.$d30 cm 328 #1 $aTese dout. Direito, Ciências Jurídico-Filosóficas, Faculdade de Direito da Universidade
de Coimbra, 2025 700 #1 $aAbrahão,$bBruno Zanatta$31998614 702 #1 $aLinhares,$bJosé Manuel Aroso,$f1956-$4727$3526199 801 #0 $aPT$bBN$gRPC 971 ## $cisantos$d20260518
|
|
|